000 00294nam a2200121Ia 4500
008 190216s9999||||xx |||||||||||||| ||und||
100 _aSrivastava P K
245 0 _aBanking Theory And Practice
260 _bHimalaya Publishing House
_c1983
300 _a378p
650 _aCommerce
942 _cBK
999 _c5028
_d5028